000 01623cam a2200517 a 4500
001 21477
003 VRT
005 20260302134414.0
008 180730s xo a b 000 j slo
015 _aSNBA2010/03-06624
020 _a9788089251544
_q(viaz.)
039 9 _a201807301135
_bVLOAD
_c201512180916
_dmvkhe01
_c201506020935
_dmkpoh04
_c201112131504
_dmtotk10
040 _aSLLK
_bslo
_cSLLK
_dSNK
_eAACR2
041 1 _aslo
_hspa
044 _axo
_cSK
072 7 _a821-93
_xLiteratúra pre deti a mládež
_2konspekt
080 _a636.115.1
_22001
080 _a636.1/.9
_22001
080 _a821-93
_22001
245 0 0 _aFarma a život na vidieku
_c[ilustrácie Francisco Arredondo; preložila Katarína Zubácka]
250 _a[1. slov. vyd.]
260 _aBratislava
_bViktoria Print
_c[2009]
300 _a173 s.
_bfareb. ilustr.
_c30 cm
500 _aPravdepodobne prel. zo španielčiny
650 0 7 _afarmy
_2SNKPH
650 0 7 _azvieratá
_2SNKPH
650 0 7 _aFarms
_2SNKPHeng
650 0 7 _aAnimals
_2SNKPHeng
655 7 _apublikácie pre deti
_2SNKPH
655 7 _aChildren’s literature
_2SNKPHeng
700 1 _aArredondo, Francisco
_4ill
700 1 _aZubácka, Katarína
_4trl
910 _asllk
910 _avthk
910 _asnk
910 _abpksh
910 _atotk
910 _apokpoh
910 _ahevk
942 _2ddc
_cKLDE
_n0
949 _617A0643802
_asnkSB 78962
_bsnk2010/2053
_o114/10
949 _617A0643803
_asnkSB 78962 D1
_bsnk2010/2055
_o114/10
949 _63869A19476
_abpksh636
_bbpksh57698
949 _63869A14520
_abpksh636
_bbpksh821-93
980 _a636.1/.9
999 _c21477
_d21477